|
|
|
|
| LEADER |
00000nam2a2200000 4500 |
| 001 |
193691 |
| 005 |
20231101224515.0 |
| 010 |
|
|
|a 9785939728201
|
| 035 |
|
|
|a (RuTPU)RU\TPU\book\211238
|
| 090 |
|
|
|a 193691
|
| 100 |
|
|
|a 20110328d2010 km y0rusy50 ca
|
| 101 |
0 |
|
|a rus
|
| 102 |
|
|
|a RU
|
| 105 |
|
|
|a a z 001zy
|
| 200 |
0 |
|
|a Т. 1: Модели, методы, явления
|
| 210 |
|
|
|d 2010
|
| 215 |
|
|
|a 704 с.
|c ил.
|
| 320 |
|
|
|a Библиогр.: с. 679-703.
|
| 330 |
|
|
|a Рассматриваются дискретные и континуальные модели нелинейной динамики механических систем. Представлены подходы и методы решения задач нелинейной динамики, встречающихся в инженерной практике. Большое внимание уделяется нелинейным явлениям, которые не описываются в квазилинейной теории. Рассматриваются аналитические и численные методы исследования периодических, квазипериодических и хаотических колебаний, их устойчивости и бифуркаций. С единых позиций изложены как классические, так и современные асимптотические методы нелинейной динамики. Подробно излагаются идеи и методы теории нелинейных нормальных форм колебаний. Для специалистов, занимающихся проблемами теории колебаний, механики и прикладной математики, инженеров-исследователей, аспирантов и студентов старших курсов технических и механико-математических специальностей.
|
| 461 |
|
1 |
|0 (RuTPU)RU\TPU\book\211639
|t Нелинейная динамика упругих систем
|o в 2 т.
|f К. В. Аврамов, Ю. В. Михлин
|v Т. 1: Модели, методы, явления
|d 2010
|
| 606 |
1 |
|
|a Упругие системы
|x Динамика
|2 stltpush
|3 (RuTPU)RU\TPU\subj\63125
|9 80169
|
| 610 |
1 |
|
|a нелинейная динамика
|
| 610 |
1 |
|
|a механические системы
|
| 610 |
1 |
|
|a дискретные модели
|
| 610 |
1 |
|
|a континуальные системы
|
| 610 |
1 |
|
|a динамические системы
|
| 610 |
1 |
|
|a нелинейные явления
|
| 610 |
1 |
|
|a асимптотические методы
|
| 610 |
1 |
|
|a колебания
|
| 610 |
1 |
|
|a нелинейные нормальные формы
|
| 610 |
1 |
|
|a устойчивость
|
| 610 |
1 |
|
|a бифуркации
|
| 610 |
1 |
|
|a численные методы
|
| 675 |
|
|
|a 539.31
|v 3
|
| 801 |
|
1 |
|a RU
|b 63413507
|c 20110328
|
| 801 |
|
2 |
|a RU
|b 63413507
|c 20131125
|g RCR
|
| 942 |
|
|
|c BK
|